| 000 | 01323nam a2200301 i 4500 | ||
|---|---|---|---|
| 001 | 188344 | ||
| 003 | SpMaBN | ||
| 005 | 20250817062601.0 | ||
| 008 | 180829s2017 sp a c |||| | spa d | ||
| 020 | _a978-84-7075-647-4 | ||
| 080 | _a75 Feininger, Lyonel | ||
| 100 | 1 |
_aFeininger, T. Lux. _9165365 |
|
| 245 | 1 | 0 |
_aLyonel Feininger : _bla ciudad en los confines del mundo : [exposición] / _ctexto de T. Lux Feininger ; fotografías de Andreas Feininger ; [traducción, edición y notas, Mariola Gómez Laínez, Genara Sert]. |
| 260 |
_aMadrid : _bFundación Juan March, _c[2017] |
||
| 300 |
_a125 p. : _bil. col. y n. ; _c27 x 25 cm. |
||
| 500 | _aÍndice. | ||
| 585 | _aPubl. con motivo de la exposición Lyonel Feininger (1871-1956), Fundación Juan March, Madrid, del 17 de febrero al 28 de mayo de 2017. | ||
| 600 | 1 | 4 |
_aFeininger, Lyonel ( _d1871-1956)- _vExposiciones. _9173142 |
| 655 | 7 |
_2tgfbne _9193628 _aCatálogos de exposiciones |
|
| 700 | 1 |
_aFeininger, Lyonel ( _d1871-1956) _9165366 |
|
| 700 | 1 |
_aFeininger, Andreas. _949124 |
|
| 700 | 1 |
_aGómez Laínez, Mariola. _9165367 |
|
| 700 | 1 |
_aSert, Genara. _9165368 |
|
| 710 | 2 |
_aFundación Juan March _94346 |
|
| 852 |
_aES-MaACL _jA-14221 _zEncuadernación cartoné _9195473 _bR.151810 _cDEPO1 _dOlim: N-7221 |
||
| 942 | _2udc | ||
| 999 |
_c188344 _d188344 |
||